| 000 | 00778nam a2200277 a 4500 | ||
|---|---|---|---|
| 003 | MX-MxUPN | ||
| 005 | 20240925065629.0 | ||
| 008 | 191206s2000 sp r 001 0 spa d | ||
| 020 | _a8420667528 | ||
| 035 | _aUPN01000234714 | ||
| 040 |
_aMX-MxUPN _bspa _cMX-MxUPN |
||
| 041 | 1 |
_aspa _heng |
|
| 050 | 1 | 4 |
_aHM51 _bG53 2000 |
| 100 | 1 |
_aGiddens, Anthony, _d1938- _928380 |
|
| 240 | 1 | 0 |
_aIn defence of sociology. _lEspañol |
| 245 | 1 | 0 | _aEn defensa de la sociología |
| 260 |
_aMadrid : _bAlianza, _c2000. |
||
| 300 | _a102 páginas | ||
| 490 | 0 | _aCiencias sociales. Ensayo | |
| 500 | _aIncluye índice. | ||
| 650 | 4 |
_aSociología _95756 |
|
| 700 | 1 |
_aAlborés, Jesús _944061 _etraductor |
|
| 902 | _aVíctor Ruiz/011222 | ||
| 942 |
_2lcc _cLIBRO |
||
| 999 |
_c206809 _d206809 |
||